| 000 | 00654nam a2200229Ia 4500 | ||
|---|---|---|---|
| 003 | OSt | ||
| 005 | 20220918202503.0 | ||
| 006 | a|||||r|||| 00| 0 | ||
| 007 | ta | ||
| 008 | 220917b |||||||| |||| 00| 0 eng d | ||
| 024 | _a101,610 | ||
| 037 | _cTextual | ||
| 040 |
_aARTS _cARTS _beng |
||
| 041 |
_2eng _aeng |
||
| 082 | _aV2154.J6, L0-;1-;2 | ||
| 100 |
_aRamesh K V _998880 |
||
| 245 | 0 |
_aHistory of South Kanara _b from the earliest times to the fall of Vijayanagar |
|
| 260 |
_aDharwar _bkarnatak Univ India _c1970 |
||
| 650 | _aHISTORY | ||
| 942 |
_hV2154.J6, L0-;1-;2 _cTEXL _2CC |
||
| 999 |
_c225090 _d225090 |
||